All about rivers / (Record no. 8373)

MARC details
000 -LEADER
fixed length control field 01358pam a2200421 a 4500
001 - CONTROL NUMBER
control field 8373
003 - CONTROL NUMBER IDENTIFIER
control field FISKH
005 - DATE AND TIME OF LATEST TRANSACTION
control field 20250910102034.0
008 - FIXED-LENGTH DATA ELEMENTS--GENERAL INFORMATION
fixed length control field 830502s1984 njua j 000 0 eng
010 ## - LIBRARY OF CONGRESS CONTROL NUMBER
LC control number 83004868
020 ## - INTERNATIONAL STANDARD BOOK NUMBER
International Standard Book Number 0893759791 :
Terms of availability $8.59 (est.)
020 ## - INTERNATIONAL STANDARD BOOK NUMBER
International Standard Book Number 0893759805 (pbk.) :
Terms of availability $1.95 (est.)
020 ## - INTERNATIONAL STANDARD BOOK NUMBER
International Standard Book Number 051487009802
020 ## - INTERNATIONAL STANDARD BOOK NUMBER
International Standard Book Number 9780893759797
020 ## - INTERNATIONAL STANDARD BOOK NUMBER
International Standard Book Number 9780893759803
040 ## - CATALOGING SOURCE
Original cataloging agency DLC
Transcribing agency DLC
Modifying agency DLC
Language of cataloging eng
050 00 - LIBRARY OF CONGRESS CALL NUMBER
Classification number GB1203.8
Item number .E45 1984
082 00 - DEWEY DECIMAL CLASSIFICATION NUMBER
Classification number 551.48/3
Edition number 19
100 1# - MAIN ENTRY--PERSONAL NAME
Personal name Emil, Jane.
245 10 - TITLE STATEMENT
Title All about rivers /
Statement of responsibility, etc. by Jane Emil ; illustrated by Joseph Veno.
260 ## - PUBLICATION, DISTRIBUTION, ETC.
Place of publication, distribution, etc. Mahwah :
Name of publisher, distributor, etc. Troll Associates,
Date of publication, distribution, etc. 1984.
300 ## - PHYSICAL DESCRIPTION
Extent 32 pages :
Other physical details color illustrations ;
Dimensions 26 cm
336 ## - CONTENT TYPE
Content type term text
Content type code txt
Source rdacontent
337 ## - MEDIA TYPE
Media type term unmediated
Media type code n
Source rdamedia
338 ## - CARRIER TYPE
Carrier type term volume
Carrier type code nc
Source rdacarrier
440 #4 - SERIES STATEMENT/ADDED ENTRY--TITLE
Title The Question & answer book
505 ## - FORMATTED CONTENTS NOTE
Formatted contents note O<br/>
520 ## - SUMMARY, ETC.
Summary, etc. Answers questions about the formation and development of rivers, differences among rivers, and the influence of rivers on human life.
521 8# - TARGET AUDIENCE NOTE
Target audience note 600<br/>
Source Lexile estimate<br/>
521 8# - TARGET AUDIENCE NOTE
Target audience note O<br/>
Source Raz-Plus<br/>
650 #0 - SUBJECT ADDED ENTRY--TOPICAL TERM
Topical term or geographic name entry element Rivers
General subdivision Juvenile literature.
650 #1 - SUBJECT ADDED ENTRY--TOPICAL TERM
Topical term or geographic name entry element Rivers.
650 #1 - SUBJECT ADDED ENTRY--TOPICAL TERM
Topical term or geographic name entry element Questions and answers.
700 1# - ADDED ENTRY--PERSONAL NAME
Personal name Veno, Joseph,
Relator term illustrator
906 ## - LOCAL DATA ELEMENT F, LDF (RLIN)
a 7
b cbc
c orignew
d 1
e ocip
f 19
g y-gencatlg
942 ## - ADDED ENTRY ELEMENTS (KOHA)
Source of classification or shelving scheme Dewey Decimal Classification
Koha item type Books
Suppress in OPAC No
Holdings
Withdrawn status Lost status Source of classification or shelving scheme Damaged status Not for loan Collection Home library Current library Shelving location Date acquired Total Checkouts Full call number Barcode Date last seen Copy number Price effective from Koha item type
    Dewey Decimal Classification     Non-Fiction Footprints International School Library Network Toul Tom Poung Campus Footprints International School Library Network Toul Tom Poung Campus TTP Primary Yellow Bookshelves 09/10/2025   EMI 551.483 GB1203 .E45 FISBK05529 09/10/2025 1 09/10/2025 Books